L'Ensenyament popular a Catalunya : de l'adveniment de la República al juliol de 1937 / [Generalitat de Catalunya. Departament de Cultura] de l'adveniment de la República al juliol de 1937 / [Generalitat de Catalunya. Departament de Cultura]
Descripción Física:
60 p. : principalment il., [2] f. ; 28 cm
Materias:
Ensenyament -- Catalunya
MARC
| LEADER | 00000nam a2200000Ia 4500 | ||
|---|---|---|---|
| 001 | 1112 | ||
| 008 | 160829s1937 xx 000 0 cat d | ||
| 080 | |a E-1-184 | ||
| 110 | 2 | |a Catalunya. |b Departament de Cultura |9 52819 | |
| 245 | |a L'Ensenyament popular a Catalunya : |b de l'adveniment de la República al juliol de 1937 / [Generalitat de Catalunya. Departament de Cultura] | ||
| 260 | |a [Sl] : |b Generalitat de Catalunya. Departament de Cultura, |c 1937 | ||
| 300 | |a 60 p. : |b principalment il., [2] f. ; |c 28 cm | ||
| 590 | |a Editat per al Congrès International de l'Enseignement Primaire et de l'Education Populaire, celebrat a Paris el 1937. | ||
| 590 | |a Text en català, castellà i francès | ||
| 650 | 0 | |a Ensenyament |x Catalunya |9 42882 | |
| 901 | |a Arxiu | ||
| 942 | |n 1 | ||
| 952 | |0 0 |1 0 |4 0 |6 E1184 |7 1 |9 42570 |a Arxiu |b Arxiu |d 2016-12-01 |l 0 |o E-1-184 |p 1112 |r 2016-12-01 00:00:00 |w 2016-12-01 |y ARXIU | ||
| 999 | |c 45075 |d 45075 | ||